|
|
|
|
| LEADER |
01125nam a22002537a 4500 |
| 001 |
34830 |
| 003 |
BD-DhAAL |
| 005 |
20250807145631.0 |
| 008 |
190722r20191994bg ||||| |||| 00| 1 ben d |
| 020 |
|
|
|a 9789848933770
|
| 040 |
|
|
|a BD-DhAAL
|d BD-DhAAL
|
| 041 |
|
|
|a ben
|
| 082 |
|
|
|2 23
|a 891.44371
|
| 100 |
|
|
|a আহমেদ, হুমায়ূন.
|9 32986
|
| 245 |
|
|
|a যখন গিয়েছে ডুবে পঞ্চমীর চাঁদ /
|c হুমায়ূন আহমেদ.
|
| 260 |
|
|
|a ঢাকা :
|b জ্ঞানকোষ প্রকাশনী,
|c ১৯৯৪ [পুন মুদ্রণ ২০১৯].
|
| 300 |
|
|
|a ৬৪ পৃষ্ঠা ;
|c ২২ সে.মি.
|
| 526 |
|
|
|a Residential Campus
|
| 541 |
|
|
|a Development Book Agency
|e 34830
|
| 650 |
|
|
|a Bengali fiction
|z Bangladesh
|9 32987
|
| 852 |
|
|
|a Savar Campus Library
|c General Stacks
|
| 942 |
|
|
|2 ddc
|c BK
|
| 999 |
|
|
|c 40915
|d 40915
|
| 952 |
|
|
|0 0
|1 0
|2 ddc
|4 0
|6 891_443710000000000_AHM
|7 0
|9 65677
|a SCL
|b SCL
|c GEN
|d 2019-07-17
|e Development Book Agency
|g 88.00
|l 28
|m 29
|o 891.44371 AHM
|p 3020034830
|r 2026-04-02
|s 2026-03-28
|t 1
|v 88.00
|w 2019-07-17
|y BK
|